Schnelle Mathematik - Multiplikation zur Basis 8 Level 03 - Statistiken

Allgemein
  • Dieses Quiz wurde 43 mal gespielt
  • Das Durchschnittsergebnis liegt bei 15 aus 20
Antwortstatistiken
Frage Antwort % Korrekt
0⋅4 0
100%
2⋅0 0
100%
4⋅0 0
100%
5⋅0 0
100%
1⋅1 1
100%
1⋅2 2
100%
1⋅3 3
100%
1⋅4 4
100%
2⋅3 6
100%
0⋅2 0
89%
1⋅5 5
88%
0⋅0 0
86%
0⋅3 0
86%
1⋅0 0
86%
0⋅1 0
83%
3⋅0 0
83%
2⋅1 2
83%
3⋅2 6
83%
0⋅5 0
80%
4⋅5 24
80%
3⋅1 3
80%
2⋅2 4
80%
5⋅1 5
80%
3⋅5 17
75%
4⋅1 4
75%
4⋅3 14
60%
3⋅3 11
40%
5⋅3 17
40%
2⋅4 10
33%
2⋅5 12
33%
3⋅4 14
33%
4⋅4 20
33%
5⋅4 24
33%
4⋅2 10
29%
5⋅2 12
20%
5⋅5 31
17%
Keine übereinstimmenden Quizze gefunden
Verteilung der Resultate
Anzahl Personen mit jedem Resultat
Perzentil nach korrekt beantworteten Fragen
Ihre Resultats-Entwicklung
Sie haben dieses Quiz noch nicht gespielt